00201nam a2200073Ia 4500008004100000082000800041100001600049245006200065240331s9999 xx 000 0 und d bNUH aNuhman, M.A 0aBharathiyin mozhich chintahnaigal :boru mozhiyiyal nokku